| 000 | 00000nam##2200000za#4500 |
| 001 | 9.662423 |
| 003 | CaOODSP |
| 005 | 20210927150353 |
| 007 | ta |
| 008 | 150407|2000||||xxc||||| f|0| 0 eng|d |
| 020 | |a0-662-65422-6 |
| 040 | |aCaOODSP|beng |
| 041 | |aeng |
| 041 | |afre |
| 043 | |an-cn--- |
| 086 | 1 |aR2-115/2000 |
| 110 | 1 |aCanada. |bIndian and Northern Affairs Canada. |
| 245 | 10|aAboriginal labour force characteristics from the 1996 census |
| 260 | |aOttawa - Ontario : |bIndian and Northern Affairs |c2000. |
| 300 | |aEnglish text, xi, 40p. ; |c28 cm. |
| 546 | |aBilingual |
| 563 | |aSpiral binding |
| 590 | |a01-19|b2001-05-11 |
| 690 | 07|aIndigenous affairs|2gcpds |
| 690 | 07|aLabour force|2gcpds |
| 690 | 07|aIndigenous peoples|2gcpds |
| 776 | 0#|tCaractéristiques de la population active autochtone d'après les résultats du recensement de 1996 / |w(CaOODSP)9.642056 |
| 776 | 0#|tAboriginal labour force characteristics from the 1996 census / |w(CaOODSP)9.698060 |
| 792 | |tCaractéristiques d'activité de la population autochtone d'après les résultats du recensement de 1996 |efre|w(CaOODSP)9.662424 |
| 986 | |aQS-3570-001-BB-S1 |